[Event "Policka"]
[Site "Policka"]
[Date "1992.??.??"]
[Round "?"]
[White "Konopka, Michal"]
[Black "Stajcic, Nikola"]
[Result "1/2-1/2"]
[WhiteElo "2350"]
[BlackElo "2300"]

1.Nf3 Nf6 2.c4 g6 3.g3 Bg7 4.Bg2 O-O 5.O-O c5 6.d4 cxd4 7.Nxd4 Nc6 8.Nc3 Ng4
9.e3 Nxd4 10.exd4 Nh6 11.d5 d6 12.Bd2 Nf5 13.Rc1 a6 14.a4 Bd7 15.b4 b6 16.Ne4 a5
17.c5 bxc5 18.bxc5 dxc5 19.Nxc5 Nd6 20.Nxd7 Qxd7 21.Rc6 Bf6 22.Qc2 Rfb8 23.Rb1 Rxb1+
24.Qxb1 Qg4 25.Bf4 Qe2 26.Bf1 Qg4 27.h3 Qd7 28.Qb6 Nf5 29.Bg2 Bd4 30.Qb5 Qa7
31.Qe2 Bc5 32.Qc2 Bd6 33.Bxd6 exd6 34.Rc7 Qd4 35.Kh2 Rb8 36.Rc8+ Rxc8 37.Qxc8+ Kg7
38.Qc2 h5 39.h4 Qb4 40.Kg1 Nd4 41.Qd1 Nb3 42.Be4 Nc5 43.Bc2 Qc4 44.Qa1+ Kg8
45.Qd1 Kf8 46.Kh2 Qc3 47.Kg2 Nd7 48.Qb1 Qc5 49.Bb3 Qd4 50.Qd1 Qb4 51.Qf3 Ne5
52.Qe3 Ng4 53.Qf3 Qb6 54.Bc2 Kg8 55.Qf4 Kg7 56.Bd1 Ne5 57.Qe4 Qc5 58.Be2 f5
59.Qf4 Qxd5+ 60.Kg1 Qc5 61.Qg5 Nf7 62.Qd2 Kh7 63.Qb2 Qe5 64.Qb7  1/2-1/2

[Event "Policka"]
[Site "Policka"]
[Date "1992.??.??"]
[Round "?"]
[White "Panchenko, Alexander N"]
[Black "Hlavnicka, Jiri"]
[Result "1-0"]
[WhiteElo "2465"]
[BlackElo "2275"]

1.c4 Nf6 2.Nf3 g6 3.g3 Bg7 4.Bg2 O-O 5.O-O d5 6.cxd5 Nxd5 7.Nc3 Nb6 8.d3 Nc6
9.a4 a5 10.Nb5 e5 11.Bg5 Ne7 12.Qc1 c6 13.Nc3 f6 14.Bd2 Be6 15.Ne4 Ned5 16.Nc5 Bc8
17.d4 exd4 18.Nxd4 Re8 19.Rd1 Qe7 20.e4 Nb4 21.Be3 Bf8 22.Ndb3 Kh8 23.Qc3 Nd7
24.Nxd7 Bxd7 25.Bc5 Qf7 26.Bxf8 Rxf8 27.Nxa5 Na2 28.Rxa2 Qxa2 29.Rxd7 Qxa4
30.Nxb7 Qb5 31.h4 Ra1+ 32.Kh2 Ra2 33.Rd8  1-0

[Event "Bohemians-B"]
[Site "Prague"]
[Date "1992.??.??"]
[Round "2"]
[White "Konopka, Michal"]
[Black "Kranzl, Peter"]
[Result "1-0"]
[WhiteElo "2380"]
[BlackElo "2325"]

1.Nf3 Nf6 2.c4 g6 3.g3 Bg7 4.Bg2 O-O 5.d4 d6 6.O-O c6 7.Nc3 Qa5 8.h3 e5 9.e4 Nbd7
10.Be3 Re8 11.Qc2 a6 12.a3 Qc7 13.Rfd1 b6 14.dxe5 dxe5 15.b4 Bf8 16.Na4 c5
17.bxc5 Nxc5 18.Nc3 Bb7 19.Nd5 Bxd5 20.exd5 Nfe4 21.d6 Bxd6 22.Nd2 f5 23.Nxe4 fxe4
24.Bxe4 Rad8 25.Bxg6 hxg6 26.Qxg6+ Kh8 27.Bg5 Be7 28.Rxd8 Qxd8 29.Qh5+ Kg8
30.Rd1 Qb8 31.Qg6+  1-0

[Event "CSR-ch"]
[Site "Prague"]
[Date "1992.??.??"]
[Round "3"]
[White "Znamenacek, Kvetoslav"]
[Black "Freisler, Pavel"]
[Result "1/2-1/2"]
[WhiteElo "2335"]
[BlackElo "2400"]

1.c4 Nf6 2.g3 g6 3.Bg2 Bg7 4.Nf3 O-O 5.O-O c6 6.d4 d6 7.Nc3 Qa5 8.e4 e5 9.d5 cxd5
10.cxd5 b5 11.Nd2 b4 12.Ne2 Ba6 13.a3 Qb5 14.Re1 Ng4 15.Bf3 f5 16.Bxg4 fxg4
17.Nf1 Qd3 18.Qxd3 Bxd3 19.axb4 Bxe4 20.Nc3 Bd3 21.Be3 Na6 22.Ra4 Rfb8 23.b5 Nc5
24.Rxg4 Bxb5 25.Bxc5 dxc5 26.Nxb5 Rxb5 27.Re2 Rb4 28.Rxb4 cxb4 29.Re4 a5
30.Ne3 Bf8 31.Nc4 a4 32.Re2 a3 33.bxa3 bxa3 34.Ra2 Ra4 35.Nxe5 Rb4 36.Nd3 Rb3
37.Nc1 Rb1 38.Rc2 Bg7 39.Kg2 Rxc1 40.Rxc1 a2 41.Rc8+ Kf7 42.Rc7+ Ke8 43.Rxg7 a1=Q
44.Rxh7 Qe5 45.Ra7 Qxd5+ 46.Kg1 g5 47.Ra3 g4 48.Re3+ Kd7 49.Re1 Kd6 50.Re3 Kc5
51.Re1 Kc4 52.Re3 Kd4 53.Re1 Kc3 54.Re3+ Kd2 55.Re7 Qc5 56.Re3 Qc1+ 57.Kg2 Qa1
58.Re8 Qf6 59.Re3 Qd6 60.Kg1 Qc7 61.Kf1 Qc6 62.Kg1 Qd5 63.Re7 Kd3 64.Re3+ Kd4
65.Re1 Qa5 66.Re3 Qd2 67.Kf1 Kd5 68.Kg1 Kd6 69.Kf1 Qd1+  1/2-1/2

[Event "Prague DDM-C"]
[Site "Prague"]
[Date "1992.??.??"]
[Round "4"]
[White "Sandmeier, Toni"]
[Black "Stratil, Petr"]
[Result "1/2-1/2"]
[WhiteElo "2250"]
[BlackElo "2255"]

1.c4 Nf6 2.Nf3 g6 3.g3 Bg7 4.Bg2 O-O 5.O-O d6 6.Nc3 Nbd7 7.d4 e5 8.b3 Re8
9.Bb2 c6 10.e4 exd4 11.Nxd4 Nc5 12.Re1 a5 13.Rb1 h5 14.a3 h4 15.b4 axb4 16.axb4 h3
17.Bh1 Ne6 18.Nf3 Ng4 19.Qc2 Qb6 20.Nd1 Ra2 21.Qb3 Qa7 22.Re2 Bxb2 23.Rbxb2 Ra3
24.Qc2 Ne5 25.Re3 Nxf3+ 26.Rxf3 Rxf3 27.Bxf3 Nd4 28.Qd3 Bf5 29.Bh1 d5 30.c5 Bxe4
31.Bxe4 Nf5 32.Bg2  1/2-1/2

[Event "Prague DDM-C"]
[Site "Prague"]
[Date "1992.??.??"]
[Round "10"]
[White "Jurek, Josef"]
[Black "Orsag, Milan"]
[Result "1/2-1/2"]
[WhiteElo "2305"]
[BlackElo "2375"]

1.Nf3 Nf6 2.g3 g6 3.Bg2 Bg7 4.c4 O-O 5.d4 d6 6.Nc3 Nbd7 7.O-O e5 8.h3 c6
9.e4 Qb6 10.Re1 exd4 11.Nxd4 Ne8 12.Nb3 Qc7 13.Be3 b6 14.Nd4 Bb7 15.Qc2 Rc8
16.Rad1 Ne5 17.b3 a6 18.f4 Nd7 19.Nf3 b5 20.c5 Nxc5 21.Bxc5 dxc5 22.e5 f5
23.Ne2 Qe7 24.g4 Nc7 25.gxf5 Rxf5 26.Rd6 Nd5 27.Qxc5 Nxf4 28.Nxf4 Rxf4 29.Nd4 Qh4
30.Re2 Qh5 31.Re1 Bf8 32.Ne6 Rf5 33.Qc3 Ba8 34.Nxf8 Rcxf8 35.e6 Rg5 36.Rd2 c5
37.e7 Re8 38.Qe3 Bxg2 39.Rxg2 Rxg2+ 40.Kxg2 Qd5+ 41.Kh2 Qd6+ 42.Kg2 c4 43.bxc4 bxc4
44.Qe4 Qd2+ 45.Re2 Qg5+ 46.Kh2 Qc5 47.Qe6+ Kg7 48.Qxa6 Rxe7 49.Rxe7+ Qxe7
50.Qxc4 h5 51.h4 Qa3 52.Qd4+ Kh7 53.Qd7+ Kg8 54.Qd2 Kg7 55.Kg2 Qa4 56.Qc3+ Kh7  1/2-1/2

[Event "ROM-chT"]
[Site "?"]
[Date "1992.??.??"]
[Round "?"]
[White "Foisor, Ovidiu"]
[Black "Golod, Vitali"]
[Result "0-1"]
[WhiteElo "2425"]
[BlackElo "2300"]

1.c4 Nf6 2.Nf3 g6 3.g3 Bg7 4.Bg2 O-O 5.O-O d6 6.Nc3 e5 7.d3 Re8 8.Nd2 c6
9.Rb1 Be6 10.b4 d5 11.b5 Nbd7 12.Ba3 Nb6 13.bxc6 bxc6 14.c5 Nbd7 15.Qa4 Bf8
16.Nb3 Qc7 17.Rb2 Rab8 18.Rfb1 d4 19.Ne4 Nd5 20.Na5 Nc3 21.Nxc3 dxc3 22.Rxb8 Rxb8
23.Rc1 Nxc5 24.Bxc5 Bxc5 25.Nxc6 Rb2 26.Bf3 Qb6 27.Rxc3 Bxf2+ 28.Kg2 Be1  0-1

[Event "ROM-chT"]
[Site "?"]
[Date "1992.??.??"]
[Round "?"]
[White "Lazar, Dorin"]
[Black "Dragomirescu, Calin"]
[Result "1-0"]
[WhiteElo "2235"]
[BlackElo "2315"]

1.Nf3 Nf6 2.c4 g6 3.g3 Bg7 4.Bg2 O-O 5.O-O d6 6.d4 c6 7.Nc3 a6 8.e4 Nfd7
9.Be3 b5 10.Rc1 bxc4 11.Nd2 Nb6 12.Na4 Nxa4 13.Qxa4 d5 14.exd5 cxd5 15.Nxc4 Bd7
16.Qa3 Bb5 17.Rfd1 Nc6 18.Ne5 Nxe5 19.dxe5 e6 20.Bd4 Rc8 21.Qe3 Qa5 22.a3 Qd8
23.b3 h5 24.a4 Bc6 25.Rc3 Kh7 26.Rdc1 Bb7 27.Rxc8 Bxc8 28.Bb6 Qe8 29.Rc7 Bh6
30.Qc5 Bg5 31.Qd6 h4 32.Bc5 Rh8 33.f4 Bh6 34.Re7 Qg8 35.Qc7 Kg7 36.Bxd5 exd5
37.e6 Bxe6 38.Qe5+ Kh7 39.Qxe6 Bg7 40.Rxf7 Kh6 41.f5  1-0

[Event "EU-ch U20"]
[Site "Sas van Gent"]
[Date "1992.??.??"]
[Round "2"]
[White "Fridman, Daniel"]
[Black "Forster, Richard"]
[Result "0-1"]
[WhiteElo "2390"]
[BlackElo "2220"]

1.Nf3 Nf6 2.c4 g6 3.g3 Bg7 4.Bg2 O-O 5.d4 d6 6.O-O Nbd7 7.Nc3 e5 8.h3 Re8
9.e4 exd4 10.Nxd4 a6 11.Be3 Rb8 12.Qc2 c5 13.Nde2 b5 14.Rad1 Qe7 15.Bg5 bxc4
16.Qd2 Ne5 17.Qxd6 Qxd6 18.Rxd6 Nfd7 19.Rb1 Nd3 20.b3 Be5 21.Rd5 Nb6 22.Rd8 Rxd8
23.Bxd8 Be6 24.bxc4 Rxd8 25.Rxb6 Bxc4 26.f4 Bc7 27.Rc6 Ba5 28.e5 Nb4 29.Rd6 Nxa2
30.Nxa2 Bxe2 31.Bd5 Rxd6 32.exd6 Bb5 33.Nc1 Kf8 34.Nb3 Bb6 35.Nd2 c4+ 36.Kg2 c3
37.Nb3 a5 38.Kf3 a4 39.Nc1 Bc5 40.Na2 c2 41.Be4 Bc4 42.d7 Ke7 43.Bxc2 Bxa2
44.Bxa4 Be6 45.h4 Bxd7 46.Bc2 h5 47.Kg2 Bg4 48.Bb3 Be6 49.Bc2 Kd6 50.Bd1 Kd5
51.Ba4 Ke4 52.Bc6+ Ke3 53.Bb5 Bd5+ 54.Kh2 Bb4 55.Ba4 Kf2 56.Bc2 Bd6 57.Bd3 Kf3
58.Bf1 Be4 59.Bc4 f6 60.Bb3 Kf2 61.Bd1 Bf3 62.Bc2 g5 63.hxg5 fxg5 64.Bf5 g4  0-1

[Event "EU-ch U20"]
[Site "Sas van Gent"]
[Date "1992.??.??"]
[Round "4"]
[White "Fridman, Daniel"]
[Black "Janev, Evgeni"]
[Result "0-1"]
[WhiteElo "2390"]
[BlackElo "2325"]

1.Nf3 Nf6 2.c4 g6 3.g3 Bg7 4.Bg2 O-O 5.d4 d6 6.O-O Nbd7 7.Nc3 e5 8.h3 c6
9.e4 Qb6 10.Re1 exd4 11.Nxd4 Ne8 12.Nf3 Ne5 13.Nxe5 dxe5 14.Qa4 Nc7 15.Be3 Qa6
16.Qb4 b6 17.c5 Rb8 18.cxb6 axb6 19.Qd6 Qb7 20.Na4 Nb5 21.Qd1 Qc7 22.Nc3 Nd4
23.b4 Rd8 24.Qc1 Be6 25.Qb2 b5 26.Red1 Qe7 27.Rab1 Ra8 28.Rd2 Rd7 29.Rbd1 Rad8
30.Kh2 Qf6 31.Ne2 Nf3+ 32.Bxf3 Qxf3 33.Rxd7 Rxd7 34.Rxd7 Bxd7 35.g4 Qxe4
36.Qd2 Qd5 37.Nc3 Qxd2 38.Bxd2 f5 39.f3 Bf8 40.a3 c5 41.Nd1 Kf7 42.Nf2 cxb4
43.axb4 Ke6 44.Nd3 Kd5 45.f4 exf4 46.Nxf4+ Ke4 47.g5 Bd6 48.Kg3 Be8 49.Kh4 Bf7
50.Kg3 Bc4 51.Kh4 Kf3  0-1

[Event "EU-ch U20"]
[Site "Sas van Gent"]
[Date "1992.??.??"]
[Round "5"]
[White "Fridman, Daniel"]
[Black "Berndt, Stephan"]
[Result "1/2-1/2"]
[WhiteElo "2390"]
[BlackElo "2300"]

1.Nf3 Nf6 2.c4 g6 3.g3 Bg7 4.Bg2 O-O 5.d4 d5 6.cxd5 Nxd5 7.O-O Nb6 8.Nc3 Nc6
9.d5 Na5 10.Qc2 c6 11.Bf4 cxd5 12.Rad1 Nc6 13.Be3 e6 14.Bc5 Re8 15.Nb5 Bf8
16.e4 a6 17.Bxf8 Rxf8 18.Nc3 Qc7 19.exd5 exd5 20.Nxd5 Nxd5 21.Rxd5 Be6 22.Rd2 Qa5
23.a3  1/2-1/2

[Event "EU-ch U20"]
[Site "Sas van Gent"]
[Date "1992.??.??"]
[Round "10"]
[White "Fridman, Daniel"]
[Black "Turner, Matthew"]
[Result "1-0"]
[WhiteElo "2390"]
[BlackElo "2325"]

1.Nf3 Nf6 2.c4 g6 3.g3 Bg7 4.Bg2 O-O 5.d4 d6 6.O-O c6 7.Nc3 a6 8.d5 Nbd7
9.dxc6 bxc6 10.Nd4 Ne5 11.Bf4 Nfd7 12.Bxc6 Rb8 13.b3 e6 14.Bg2 Qb6 15.Na4 Qc7
16.Rc1 Bb7 17.Bxb7 Rxb7 18.Qd2 Nc5 19.Nxc5 dxc5 20.Nc2 Qb6 21.Rfd1 Nc6 22.Bh6 Rd8
23.Qe3 Rbd7 24.Rxd7 Rxd7 25.Bxg7 Kxg7 26.Qc3+ Kg8 27.Ne3 Qb4 28.Kf1 a5 29.Ke1 a4
30.Qxb4 Nxb4 31.a3 Nc6 32.bxa4 Ra7 33.Rc3 Rxa4 34.Nd1 Kf8 35.Nb2 Ra7 36.Nd3 Ra5
37.Kd2 Ke7 38.e3 Kd6 39.Rb3 Ra4 40.Nb2 Ra7 41.Kc2 g5 42.h3 f5 43.Nd3 e5 44.f3 f4
45.gxf4 exf4 46.Nf2 fxe3 47.Rxe3 Ne5 48.Ne4+ Kc6 49.Nd2 Kd6 50.Kb3 Rb7+ 51.Kc3 Ra7
52.Ne4+ Kc6 53.Nxc5 Rxa3+ 54.Nb3 Kd6 55.Kd4 Nd7 56.Rd3 Ra8 57.Nd2 h6 58.Ne4+ Kc6
59.Ke3 Ne5 60.Rd6+ Kc7 61.Rxh6 Ra3+ 62.Kd4 Nxf3+ 63.Kd5 Rd3+ 64.Kc5 Kb8 65.Rh8+ Kc7
66.Rh7+ Kc8 67.Kb6 Rd4 68.Rc7+ Kb8 69.Rf7 Kc8 70.Rxf3 Rxe4 71.c5 Rb4+ 72.Kc6 Kd8
73.Rg3 Rh4 74.Rxg5 Rxh3 75.Rg8+ Ke7 76.Kc7 Rc3 77.c6 Rc1 78.Rg2 Re1 79.Rd2 Ke8
80.Kc8 Ke7 81.c7 Rc1 82.Rb2 Kd6 83.Rb6+ Ke7 84.Kb8  1-0

[Event "Alekhine op"]
[Site "Smolensk"]
[Date "1992.??.??"]
[Round "6"]
[White "Godes, A."]
[Black "Frolov, Artur"]
[Result "0-1"]
[WhiteElo "2395"]
[BlackElo "2510"]

1.Nf3 Nf6 2.c4 g6 3.g3 Bg7 4.Bg2 O-O 5.O-O d6 6.Nc3 Nbd7 7.d4 e5 8.e3 Re8
9.b3 exd4 10.exd4 Nf8 11.Bb2 Bf5 12.Nh4 Bg4 13.Qd2 c6 14.h3 Bd7 15.d5 c5
16.Rfe1 Qc7 17.Nf3 h6 18.Rxe8 Rxe8 19.Re1 a6 20.Bf1 Qd8 21.Rxe8 Qxe8 22.Qe1 Qxe1
23.Nxe1 Ne8 24.Nd1 Bxb2 25.Nxb2 g5 26.a3 Ng6 27.b4 Kf8 28.Ned3 b6 29.f3 Be6
30.Kf2 Ng7 31.g4 f5 32.Be2 h5 33.Nd1 cxb4 34.Nxb4 Nf4 35.gxh5 Nxh3+ 36.Ke3 Nxh5
37.Nxa6 Ng3 38.Nc3 f4+ 39.Kd2 Ng1 40.Bd1 Nf1+ 41.Ke1 Ne3 42.Be2 Nxe2 43.Kxe2 Nxc4
44.Nb4 Nxa3 45.Ne4 g4 46.fxg4 Bxg4+ 47.Kf2 Nc4 48.Nc6 Kf7 49.Nd4 Ke8 50.Nb5 Ke7
51.Nd4 Ne5 52.Nb5 Nd3+ 53.Kg2 Nb4 54.Nbc3 Bh5 55.Nd2 Bf7 56.Kf3 Nxd5 57.Nxd5+ Bxd5+
58.Kxf4 Ke6 59.Ke3 Ke5 60.Kd3 b5 61.Ke3 Bc4 62.Nf3+ Kd5 63.Nd2 Be2 64.Nb3  0-1

[Event "BUL-ch sf"]
[Site "Sofia"]
[Date "1992.??.??"]
[Round "3"]
[White "Kolev, Atanas"]
[Black "Peev, Peicho Chonev"]
[Result "1-0"]
[WhiteElo "2445"]
[BlackElo "2380"]

1.Nf3 Nf6 2.c4 g6 3.g3 Bg7 4.Bg2 O-O 5.O-O d6 6.d4 Nc6 7.Nc3 Bg4 8.d5 Na5
9.Nd2 c5 10.Rb1 Qc8 11.b3 a6 12.Bb2 Rb8 13.Qc2 b5 14.e4 Bh3 15.Nd1 Bxg2 16.Kxg2 e5
17.Ne3 Nh5 18.f4 Bh6 19.Qd1 exf4 20.Nf5 Bg5 21.gxf4 gxf5 22.Qxh5 Be7 23.Rf3 f6
24.Kf2 Qe8 25.Rg1+  1-0

[Event "St Petersburg-ch op"]
[Site "St Petersburg"]
[Date "1992.??.??"]
[Round "?"]
[White "Ionov, Sergey"]
[Black "Gubanov, Anton"]
[Result "1-0"]
[WhiteElo "2500"]
[BlackElo "2375"]

1.Nf3 Nf6 2.c4 g6 3.g3 Bg7 4.Bg2 O-O 5.O-O c6 6.d4 d5 7.Qb3 dxc4 8.Qxc4 Qb6
9.Nc3 Be6 10.Qa4 Na6 11.e4 Rfd8 12.h3 Qb4 13.Qc2 Qc4 14.Rd1 h6 15.Be3 Rac8
16.a3 Qb3 17.Qc1 Bd7 18.Bxh6 c5 19.Bxg7 Kxg7 20.e5 Ne8 21.d5 Qb6 22.Qe3 Bf5
23.Rd2 c4 24.Nd4 Bd3 25.b4 Nac7 26.Na4 Qa6 27.Nc5 Qb6 28.Na4 Qa6 29.Nc5 Qb6
30.Nxd3 Nxd5 31.Bxd5 c3 32.Rc2 Rxd5 33.Nc5 a5 34.Rxc3 Rcd8 35.Rc4 Kg8 36.Re1 Qa7
37.Nb5  1-0

[Event "St Petersburg-ch op"]
[Site "St Petersburg"]
[Date "1992.??.??"]
[Round "?"]
[White "Mishuchkov, Nikolai M"]
[Black "Drozdov, Igor"]
[Result "1-0"]
[WhiteElo "2400"]
[BlackElo "2345"]

1.Nf3 Nf6 2.c4 g6 3.g3 Bg7 4.Bg2 O-O 5.O-O d6 6.Nc3 Nc6 7.d3 e5 8.Rb1 a5
9.Bg5 h6 10.Bxf6 Bxf6 11.a3 Bg7 12.b4 axb4 13.axb4 f5 14.b5 Ne7 15.Nd5 Nxd5
16.cxd5 Kh7 17.Qc2 g5 18.Rfc1 Rf7 19.Nd2 f4 20.b6 cxb6 21.Nc4 Bf5 22.Rxb6 Rd7
23.Qb1 Ra7 24.Qb4 Bf8 25.Na5 Qa8 26.Be4 Bxe4 27.Qxe4+ Kg7 28.Nc4 Ra1 29.Rxa1 Qxa1+
30.Kg2 Qc3 31.g4 Qa1 32.Nd2 Qa5 33.Nc4 Qa1 34.h3 Qc3 35.Rb5 Rf7 36.Na5 Qc8
37.Qb4 h5 38.f3 Qc2 39.Kf2 hxg4 40.hxg4 Qc1 41.Rxb7 Qe3+ 42.Kf1 Qc1+ 43.Kg2 Qe3
44.Rxf7+ Kxf7 45.Qb2 Qc5 46.Qb7+ Kg8 47.Nc4 Qd4 48.Qc6 Qc3 49.Qb6 Qe1 50.Qf2 Qb4
51.e4 Be7 52.Qd2 Qc5 53.Qb2 Bd8 54.Qb8 Qc7 55.Qxc7 Bxc7 56.Kf1 Kf7 57.Ke2 Ke7
58.d4 exd4 59.Kd3 Bb8 60.Na5 Bc7 61.Nc6+ Kf6 62.Nxd4 Bb6 63.Kc4 Ba7 64.Ne6 Be3
65.Kb5 Bc1 66.Kc6 Ba3 67.Kd7 Bb4 68.Nd4 Bc5 69.Nf5 Ke5 70.Ke7 Bb4 71.Kf7 Ba5
72.Kg6 Bd8 73.Kh6 Bf6 74.Kh5 Bd8 75.Kg6 Bf6 76.Nxd6  1-0

[Event "Stare Mesto op"]
[Site "Stare Mesto"]
[Date "1992.??.??"]
[Round "?"]
[White "Zhidkov, Valery S"]
[Black "Tataev, Manach"]
[Result "1/2-1/2"]
[WhiteElo "2415"]
[BlackElo "2310"]

1.Nf3 Nf6 2.c4 g6 3.g3 Bg7 4.Bg2 O-O 5.d4 c5 6.O-O Nc6 7.Nc3 d6 8.dxc5 dxc5
9.Be3 Be6 10.Bxc5 Qa5 11.Ba3 Bxc4 12.Nd4 Nxd4 13.Qxd4 Rac8 14.Qf4 Nh5 15.Qe3 Bxc3
16.Qxc3 Qxc3 17.bxc3 Rc7 18.Rfd1 b6 19.Rd2 f5 20.Rad1 Nf6 21.f3 Be6 22.e4  1/2-1/2

[Event "Stockholm op"]
[Site "Stockholm"]
[Date "1992.??.??"]
[Round "?"]
[White "Sjoberg, Mats"]
[Black "Kyhle, Bo"]
[Result "1-0"]
[WhiteElo "2470"]
[BlackElo "2245"]

1.Nf3 Nf6 2.c4 g6 3.g3 Bg7 4.Bg2 O-O 5.O-O d6 6.Nc3 c5 7.d4 Nc6 8.dxc5 dxc5
9.Bf4 Nh5 10.Be3 b6 11.Qc1 Bb7 12.Rd1 Qc8 13.Bh6 Nf6 14.Nd5 Re8 15.Bxg7 Kxg7
16.Qc3 Kg8 17.Nxf6+ exf6 18.Qxf6 Rxe2 19.Ng5 Ne5 20.Re1 Rxe1+ 21.Rxe1 h6
22.Rxe5 hxg5 23.Bxb7 Qxb7 24.Re7  1-0

[Event "FRA-ch"]
[Site "Strasbourg"]
[Date "1992.??.??"]
[Round "2"]
[White "Anic, Darko"]
[Black "Apicella, Manuel"]
[Result "0-1"]
[WhiteElo "2395"]
[BlackElo "2450"]

1.Nf3 Nf6 2.c4 g6 3.g3 Bg7 4.Bg2 O-O 5.O-O d6 6.d4 Nbd7 7.Nc3 e5 8.e4 c6
9.h3 Qb6 10.Re1 exd4 11.Nxd4 Ne8 12.Nce2 a5 13.Be3 Qxb2 14.Nf4 a4 15.Nd3 Qc3
16.Rc1 Qa5 17.f4 Nc7 18.Nf3 Ne6 19.Nf2 Qc7 20.Qd2 Re8 21.Rcd1 Nec5 22.Bd4 f6
23.Bc3 Nb6 24.Ba5 Ra6 25.Rb1 Be6 26.Bxb6 Rxb6 27.Qa5 Nd7 28.e5 fxe5 29.fxe5 Bxc4
30.exd6 Rxe1+ 31.Nxe1 Qd8 32.Rb4 Bc3  0-1

[Event "FRA-ch"]
[Site "Strasbourg"]
[Date "1992.??.??"]
[Round "6"]
[White "Anic, Darko"]
[Black "Degraeve, Jean Marc"]
[Result "1-0"]
[WhiteElo "2390"]
[BlackElo "2480"]

1.Nf3 Nf6 2.c4 g6 3.g3 Bg7 4.Bg2 O-O 5.O-O c5 6.d4 cxd4 7.Nxd4 Nc6 8.Nc3 Qa5
9.Nb3 Qh5 10.c5 d6 11.e4 dxc5 12.Qxh5 Nxh5 13.Nxc5 Rb8 14.Rd1 Nd4 15.h3 e5
16.Nb3 Nxb3 17.axb3 a6 18.Nd5 Be6 19.Bg5 f6 20.Be3 f5 21.exf5 gxf5 22.Bc5 Rf7
23.Bf3 Nf6 24.Nxf6+ Bxf6 25.Rd6 Bxb3 26.Rb6 Rc8 27.Ba3 e4 28.Bh5 Bd5 29.Rd6 Bc6
30.Bxf7+ Kxf7 31.Rc1 Re8 32.Rc5 Be5 33.Rh6 Kg7 34.Rh5 Bd4 35.Rcxf5 e3 36.fxe3 Bxe3+
37.Kf1 Bb5+ 38.Rxb5 axb5 39.Rxb5 b6 40.Bd6 Bd4 41.Bf4 Ra8 42.Ke2 Rd8 43.Bc7 Rf8
44.Kd3 Bf2 45.Rb4 h5 46.Rf4 Rxf4 47.Bxf4 Kf6 48.g4 hxg4 49.hxg4 b5 50.Ke4 Bc5
51.Kd5 Bf8 52.b3 Kg6 53.Kc6 b4 54.Kb5 Kf6 55.Bd2 Bd6 56.Kc4  1-0

[Event "FRA-ch"]
[Site "Strasbourg"]
[Date "1992.??.??"]
[Round "8"]
[White "Anic, Darko"]
[Black "Renet, Olivier"]
[Result "1/2-1/2"]
[WhiteElo "2390"]
[BlackElo "2530"]

1.Nf3 Nf6 2.c4 g6 3.g3 Bg7 4.Bg2 O-O 5.O-O d6 6.d4 Nbd7 7.Nc3 e5 8.h3 c6
9.e4 Qb6 10.Re1 exd4 11.Nxd4 Ne8 12.Nb3 a5 13.Na4 Qb4 14.Nd2 Nc5 15.Nxc5 dxc5
16.a3 Qb6 17.e5 Nc7 18.Ne4 Bxe5 19.Bh6 Bf5 20.Bxf8 Rxf8 21.Nc3 Bd4 22.Na4 Qa7
23.Re7 Qb8 24.Qb3 Qd8 25.Re2 b5 26.cxb5 cxb5 27.Nc3 Bd3 28.Rd2 c4 29.Qd1 Qf6
30.Rc1 Ne6 31.Nd5 Qg7 32.Rxd3 cxd3 33.b4 axb4 34.axb4 Qh6 35.Rb1 d2 36.Qe2 Qg5
37.Kh2 h5 38.h4 Qd8 39.Rd1 Re8 40.Rxd2 Nc7 41.Qd3 Be5 42.f4 Bd6 43.Nxc7 Bxc7
44.Bd5 Qf6 45.Qxb5 Re1 46.Qc6 Qxc6 47.Bxc6 Bb6 48.Rd7 Re2+ 49.Kh1 Kf8 50.Rb7 Bf2
51.Kg2 Bd4+ 52.Kf1 Rf2+ 53.Ke1 Rb2 54.Kf1 Rf2+ 55.Ke1 Rb2 56.b5 Bf2+ 57.Kf1 Bxg3
58.b6 Rf2+ 59.Kg1 Rxf4 60.Kg2 Rf6 61.Bd5  1/2-1/2

[Event "FRA-ch"]
[Site "Strasbourg"]
[Date "1992.??.??"]
[Round "12"]
[White "Anic, Darko"]
[Black "Relange, Eloi"]
[Result "1-0"]
[WhiteElo "2395"]
[BlackElo "2285"]

1.Nf3 Nf6 2.c4 g6 3.g3 Bg7 4.Bg2 O-O 5.O-O d6 6.d4 Nbd7 7.Nc3 e5 8.h3 c6
9.e4 Qb6 10.d5 cxd5 11.cxd5 Nc5 12.Re1 Bd7 13.Bf1 Rfc8 14.Nd2 h5 15.Nc4 Qc7
16.a4 Kh7 17.Bd2 h4 18.b4 Nxa4 19.Nxa4 b5 20.Nxd6 Qxd6 21.Nc5 hxg3 22.fxg3 a6
23.Be3 Bh6 24.Bf2 Ne8 25.Ra2 f5 26.exf5 Bxf5 27.g4 Nf6 28.Bg3 Qxd5 29.Qxd5 Nxd5
30.gxf5 Nxb4 31.fxg6+ Kg8 32.Nxa6 Nxa2 33.Bxb5 Rc1 34.Rxc1 Nxc1 35.Bxe5 Bg7
36.Bc4+ Kh8 37.Bf4 Rc8 38.Nc7 Bb2 39.h4 Rf8 40.g7+ Bxg7 41.Bxc1 Rc8 42.Bf4 Rxc7
43.Bxc7 Ba1 44.Kg2 Bb2 45.Kf3 Ba1 46.Kg4 Kg7 47.Bf4 Bc3 48.Kf5 Bb2 49.h5 Bc3
50.h6+ Kh7 51.Ke6 Kh8 52.Kf7 Kh7 53.Bd3+ Kh8 54.Bd6  1-0

[Event "Subotica Palic"]
[Site "Subotica"]
[Date "1992.??.??"]
[Round "?"]
[White "Drasko, Milan"]
[Black "Petronic, Jovan"]
[Result "0-1"]
[WhiteElo "2525"]
[BlackElo "2430"]

1.Nf3 Nf6 2.c4 g6 3.g3 Bg7 4.Bg2 O-O 5.d4 c6 6.O-O d6 7.Nc3 Qa5 8.e4 Qh5
9.Ng5 Qxd1 10.Rxd1 Nbd7 11.b3 Ne8 12.Nf3 Nc7 13.Bg5 Re8 14.Rac1 e5 15.Bh3 exd4
16.Nxd4 Nc5 17.Bxc8 Raxc8 18.Bf4 Nxe4 19.Nxe4 Rxe4 20.Nf3 Re2 21.Rxd6 Rxa2
22.Rd7 Ne6 23.Be3 b6 24.Rcd1 Bf6 25.R1d3 c5 26.h4 Kg7 27.Ng5 Bxg5 28.hxg5 Re8
29.Bd2 Kf8 30.Be3 Re7 31.R7d6 Rb7 32.Kg2 Ke7 33.R6d5 a5 34.Bd2 a4 35.Bc3 Nd4
36.Re3+ Kf8 37.Rd8+ Kg7 38.Ree8 f5 39.Rg8+ Kf7 40.Rdf8+ Ke7 41.Ra8 Rd7 42.bxa4 Rc2
43.Rge8+ Kd6 44.Re3 Kc6 45.Rf8 Kb7 46.Rf6 f4 47.gxf4 Nf5 48.Rh3 Ra2 49.Be5 Rxa4
50.Rb3 Rb4 51.Rxb4 cxb4 52.Kf3  0-1

[Event "Suhr op"]
[Site "Suhr"]
[Date "1992.??.??"]
[Round "4"]
[White "Muharemagic, Asim"]
[Black "Georges, Sacha"]
[Result "1/2-1/2"]
[WhiteElo "2255"]
[BlackElo "2320"]

1.Nf3 Nf6 2.c4 g6 3.g3 Bg7 4.Bg2 O-O 5.O-O c6 6.Nc3 a6 7.a4 a5 8.d3 d6 9.h3 Nbd7
10.Bg5 h6 11.Be3 e5 12.Qc1 Kh7 13.Nd2 Qe7 14.d4 Nh5 15.dxe5 dxe5 16.Ra3 f5
17.Nf3 f4 18.gxf4 Nxf4 19.Bxf4 Rxf4 20.Nd2 Nc5 21.Nce4 Nxe4 22.Nxe4 Qh4 23.Nd6 Bf8
24.c5 Bxd6 25.cxd6 Rxa4 26.Re3 Qf6 27.Bxc6 Rd4 28.Rf3 Qxd6 29.Bxb7 Bxb7 30.Rf7+ Kg8
31.Rxb7 Rh4 32.Qc2 Rd8 33.Qb3+ Qd5 34.Rd1 Rd4 35.Rxd4 exd4 36.Qxd5+ Rxd5
37.Kf1 d3 38.exd3 Rxd3 39.Kg2 a4 40.Rb4 a3 41.bxa3 Rxa3 42.Rb7  1/2-1/2

[Event "Tilburg"]
[Site "Tilburg"]
[Date "1992.??.??"]
[Round "1"]
[White "Nogueiras, Jesus"]
[Black "Pieterse, Gert"]
[Result "1-0"]
[WhiteElo "2570"]
[BlackElo "2390"]

1.Nf3 Nf6 2.c4 g6 3.g3 Bg7 4.Bg2 O-O 5.O-O c6 6.d4 d5 7.Na3 Bf5 8.Bf4 Qb6
9.Qb3 dxc4 10.Nxc4 Qxb3 11.axb3 Nd5 12.Bd2 Be4 13.e3 Nd7 14.Rfc1 Rfd8 15.b4 a6
16.Bc3 Bf8 17.Na5 Rab8 18.Nb3 e6 19.Nc5 Bxc5 20.bxc5 Re8 21.Ba5 Re7 22.Ra3 N7f6
23.Rb3 Nc7 24.Bxc7 Rxc7 25.Ne5 Bd5 26.Rb4 Bxg2 27.Kxg2 Nd5 28.Rb3 Ne7 29.Ra1 Re8
30.Ra4 Nc8 31.f4 Na7 32.g4 f6 33.Nf3 h6 34.h4 Nb5 35.Ra1 Rd7 36.g5 Kg7 37.gxf6+ Kxf6
38.Ne5 Rh7 39.Rh1 Rg8 40.Rd3 Kf5 41.Kf3 h5 42.Rd2 Kf6 43.Rg1 Rhg7 44.e4 Rd8
45.Ke3 Nc7 46.Rdg2 Rdg8 47.Rg3 Nb5 48.Kd3 Nc7 49.Nc4 Nb5 50.Nd6 Nxd6 51.cxd6 Rd7
52.e5+ Kf7 53.Kc4 Rdd8 54.Kc5 Rdf8 55.Kb6 Rd8 56.Kc5 b6+ 57.Kxc6 Rc8+ 58.Kb7 Rb8+
59.Kxa6 b5 60.b4 Ra8+ 61.Kxb5 Ra2 62.Kc4 Rc2+ 63.Kb3  1-0

[Event "Tilburg rapid"]
[Site "Tilburg"]
[Date "1992.??.??"]
[Round "4"]
[White "Kengis, Edvins"]
[Black "Romanishin, Oleg M"]
[Result "1-0"]
[WhiteElo "2590"]
[BlackElo "2555"]

1.Nf3 Nf6 2.g3 g6 3.Bg2 Bg7 4.c4 O-O 5.Nc3 c6 6.d4 d6 7.O-O Bf5 8.b3 Ne4
9.Bb2 Nxc3 10.Bxc3 Be4 11.Qd2 Nd7 12.Rfd1 Nf6 13.Rac1 Re8 14.Bh3 Bxf3 15.exf3 d5
16.Re1 e6 17.Rcd1 Qd6 18.Bf1 Red8 19.c5 Qe7 20.b4 b6 21.a4 Rab8 22.Rb1 Ne8
23.Rec1 Rdc8 24.Ba6 Rc7 25.Qd3 Qd7 26.Bd2 f6 27.b5 cxb5 28.Bxb5 Qf7 29.Bxe8 Qxe8
30.Bf4 e5 31.dxe5 fxe5 32.Qxd5+ Kh8 33.cxb6 Rxc1+ 34.Bxc1 axb6 35.Qb5 Qf7
36.Be3 Qxf3 37.a5 h5 38.h4 Kh7 39.axb6 Rb7 40.Rc1 Qf7 41.Qc6 Rd7 42.Qe4 Qb3
43.Rc6 Qf7 44.Kg2 Re7 45.Qc4 Qf5 46.Rc7  1-0

[Event "Werfen op"]
[Site "Werfen"]
[Date "1992.??.??"]
[Round "8"]
[White "Mandl, Robert"]
[Black "Kranzl, Peter"]
[Result "1/2-1/2"]
[WhiteElo "2405"]
[BlackElo "2300"]

1.Nf3 Nf6 2.c4 g6 3.g3 Bg7 4.Bg2 O-O 5.O-O d6 6.Nc3 c6 7.d4 Qa5 8.h3 e5 9.e4 Nbd7
10.Re1 Re8 11.Rb1 Qc7 12.Be3 exd4 13.Nxd4 Nc5 14.Qc2 a5 15.b3 Qe7 16.Rbd1 h6
17.Bf4 Nfd7 18.Qd2 Kh7 19.Nde2 Ne5 20.Qxd6 Qxd6 21.Rxd6 Ned3 22.Rd1 Nxf4
23.gxf4 h5 24.Kh2 h4 25.Rd8 Be6 26.Rxa8 Rxa8 27.Nd4 Rd8 28.Nxe6 Nxe6 29.Rxd8 Nxd8
30.Nd1 Ne6 31.f5 Be5+  1/2-1/2

[Event "Wiesbaden op"]
[Site "Wiesbaden"]
[Date "1992.??.??"]
[Round "?"]
[White "Reschke, Stefan"]
[Black "Friedrich, Norbert"]
[Result "0-1"]
[WhiteElo "2325"]
[BlackElo "2310"]

1.c4 g6 2.Nf3 Bg7 3.g3 Nf6 4.Bg2 O-O 5.O-O d6 6.d4 Nbd7 7.Nc3 e5 8.e4 c6
9.h3 exd4 10.Nxd4 Qb6 11.Na4 Qa6 12.b3 Re8 13.Re1 Nb6 14.Nc3 Qa5 15.Bd2 Qc5
16.Be3 Qa5 17.Rc1 Bd7 18.Re2 Rad8 19.Rd2 Nc8 20.Nde2 a6 21.a4 h6 22.Rb1 c5
23.Qc2 Bc6 24.Rbd1 Qc7 25.Nf4 Ne7 26.Nd3 Nc8 27.f3 Na7 28.b4 cxb4 29.Nxb4 Nc8
30.Rb1 Rd7 31.g4 Qd8 32.Rbd1 Qe7 33.Bf4 Qd8 34.Kh1 Qa5 35.Qb3 Qb6 36.Rb1 Qd8
37.Qa3 Qa5 38.Be3 Qe5 39.Rc1 Qe7 40.Nc2 Qd8 41.Nd4 Ne7 42.a5 Qc7 43.Nd5 Bxd5
44.cxd5 Qb8 45.Bf1 Rc8 46.Rb1 Qa8 47.Rb6 Ne8 48.Rdb2 Rdc7 49.R2b3 Rd8 50.Qb2 Rdd7
51.Bxa6 Nc8 52.Bb5 Qxa5 53.Bxd7 Nxb6 54.Bxe8 Nc4 55.Qc3 Nxe3 56.Qxe3 Qa1+  0-1